30 biggest cities in Nevada - Statistics

General Stats
  • This quiz has been taken 67 times
  • The average score is 12 of 30
Answer Stats
Population City % Correct
641,903 Las Vegas
98%
317,610 Henderson
96%
264,165 Reno
96%
58,639 Carson City
91%
262,527 North Las Vegas
91%
108,445 Sparks
85%
20,564 Elko
74%
191,238 Paradise
70%
14,885 Boulder City
49%
221,831 Enterprise
47%
20,471 Mesquite
47%
8,431 Winnemucca
43%
205,618 Sunrise Manor
38%
22,895 Fernley
36%
215,597 Spring Valley
34%
44,738 Pahrump
32%
9,327 Fallon
28%
8,658 Laughlin
19%
30,744 Summerlin South
15%
36,403 Winchester
11%
14,967 Spring Creek
9%
49,061 Whitney
9%
15,153 Dayton
6%
6,289 Moapa Valley
6%
17,314 Spanish Springs
6%
21,178 Sun Valley
6%
11,318 Gardnerville Ranchos
4%
9,462 Incline Village
4%
6,409 Johnson Lane
4%
10,153 Cold Springs
2%
No matching quizzes found
Score Distribution
Percent of People with Each Score
Percentile by Number Answered
Your Score History
You have not taken this quiz